[Event "Deutsche Ländermeisterschaft 2023"]
[Site "Hannover GER"]
[Date "2023.10.03"]
[Round "5"]
[White "Tschernatsch, Johannes"]
[Black "Dauner, Benedikt"]
[Result "1/2-1/2"]
[Termination "normal"]
[Board "6.1"]
[WhiteTitle "FM"]
[BlackTitle "FM"]
[WhiteElo "2346"]
[BlackElo "2385"]
[WhiteClock "00:37:14"]
[BlackClock "00:31:35"]
[WhiteTeam "Brandenburg"]
[BlackTeam "Baden"]
[PlyCount "120"]
[WhiteFideId "16223977"]
[BlackFideId "16225899"]
[EventCountry "GER"]
[EventRounds "7"]
[EventType "team-swiss"]
[EventDate "2023.09.30"]

1. e4 {[%clk 01:30:59]} c5 {[%clk 01:30:53]} {[%emt 00:00:07]} 2. Nf3 {[%clk
01:31:24]} {[%emt 00:00:05]} e6 {[%clk 01:31:17]} {[%emt 00:00:05]} 3. g3
{[%clk 01:31:48]} {[%emt 00:00:07]} Nc6 {[%clk 01:31:41]} {[%emt 00:00:05]} 4.
Bg2 {[%clk 01:32:14]} {[%emt 00:00:05]} Nf6 {[%clk 01:32:04]} {[%emt 00:00:07]}
5. Qe2 {[%clk 01:32:35]} {[%emt 00:00:09]} e5 {[%clk 01:32:19]} {[%emt
00:00:14]} 6. O-O {[%clk 01:32:56]} {[%emt 00:00:10]} Be7 {[%clk 01:32:40]}
{[%emt 00:00:09]} 7. c3 {[%clk 01:33:19]} {[%emt 00:00:07]} O-O {[%clk
01:32:58]} {[%emt 00:00:12]} 8. Na3 {[%clk 01:33:40]} {[%emt 00:00:09]} Re8
{[%clk 01:33:19]} {[%emt 00:00:08]} 9. d3 {[%clk 01:33:48]} {[%emt 00:00:23]}
h6 {[%clk 01:33:37]} {[%emt 00:00:12]} 10. Nc4 {[%clk 01:34:05]} {[%emt
00:00:12]} Bf8 {[%clk 01:33:34]} {[%emt 00:00:33]} 11. a4 {[%clk 01:34:28]}
{[%emt 00:00:07]} d6 {[%clk 01:33:43]} {[%emt 00:00:22]} 12. Bd2 {[%clk
01:34:48]} {[%emt 00:00:10]} Be6 {[%clk 01:33:59]} {[%emt 00:00:13]} 13. Rfe1
{[%clk 01:35:05]} {[%emt 00:00:13]} a6 {[%clk 01:33:16]} {[%emt 00:01:12]} 14.
a5 {[%clk 01:32:34]} {[%emt 00:03:02]} Bxc4 {[%clk 01:31:06]} {[%emt 00:02:40]}
15. dxc4 {[%clk 01:32:57]} {[%emt 00:00:07]} Nxa5 {[%clk 01:31:23]} {[%emt
00:00:12]} 16. Be3 {[%clk 01:32:19]} {[%emt 00:01:08]} Qc7 {[%clk 01:15:07]}
{[%emt 00:16:46]} 17. Nd2 {[%clk 01:17:13]} {[%emt 00:15:36]} Nc6 {[%clk
01:08:34]} {[%emt 00:07:03]} 18. b3 {[%clk 01:08:41]} {[%emt 00:09:02]} b6
{[%clk 01:04:02]} {[%emt 00:05:02]} 19. h4 {[%clk 01:07:16]} {[%emt 00:01:56]}
g6 {[%clk 00:55:15]} {[%emt 00:09:16]} 20. Qf3 {[%clk 01:00:46]} {[%emt
00:07:00]} Qe7 {[%clk 00:51:49]} {[%emt 00:03:56]} 21. Ra2 {[%clk 00:55:26]}
{[%emt 00:05:50]} b5 {[%clk 00:40:54]} {[%emt 00:11:26]} 22. cxb5 {[%clk
00:51:52]} {[%emt 00:04:05]} axb5 {[%clk 00:41:15]} {[%emt 00:00:07]} 23. Rxa8
{[%clk 00:47:44]} {[%emt 00:04:39]} Rxa8 {[%clk 00:40:21]} {[%emt 00:01:24]}
24. Bf1 {[%clk 00:47:55]} {[%emt 00:00:19]} b4 {[%clk 00:34:15]} {[%emt
00:06:36]} 25. Bb5 {[%clk 00:37:32]} {[%emt 00:10:53]} bxc3 {[%clk 00:30:06]}
{[%emt 00:04:38]} 26. Bxc6 {[%clk 00:37:38]} {[%emt 00:00:25]} cxd2 {[%clk
00:30:29]} {[%emt 00:00:07]} 27. Bxd2 {[%clk 00:37:55]} {[%emt 00:00:12]} Ra2
{[%clk 00:30:09]} {[%emt 00:00:50]} 28. Bc3 {[%clk 00:34:13]} {[%emt 00:04:09]}
h5 {[%clk 00:26:12]} {[%emt 00:04:30]} 29. Bb5 {[%clk 00:31:24]} {[%emt
00:03:15]} Ng4 {[%clk 00:21:30]} {[%emt 00:05:16]} 30. Re2 {[%clk 00:30:40]}
{[%emt 00:01:15]} Rxe2 {[%clk 00:21:53]} {[%emt 00:00:07]} 31. Bxe2 {[%clk
00:29:53]} {[%emt 00:01:16]} Kg7 {[%clk 00:16:08]} {[%emt 00:06:15]} 32. Bd2
{[%clk 00:27:52]} {[%emt 00:02:30]} Qb7 {[%clk 00:14:11]} {[%emt 00:02:28]} 33.
Bc4 {[%clk 00:24:23]} {[%emt 00:04:00]} Kg8 {[%clk 00:13:29]} {[%emt 00:01:11]}
34. Bg5 {[%clk 00:22:37]} {[%emt 00:02:16]} Kg7 {[%clk 00:10:34]} {[%emt
00:03:25]} 35. Qd3 {[%clk 00:18:27]} {[%emt 00:04:39]} Nf6 {[%clk 00:01:35]}
{[%emt 00:09:31]} 36. Bxf6+ {[%clk 00:16:31]} {[%emt 00:02:26]} Kxf6 {[%clk
00:01:59]} {[%emt 00:00:06]} 37. Qd5 {[%clk 00:16:28]} {[%emt 00:00:33]} Qe7
{[%clk 00:02:12]} {[%emt 00:00:16]} 38. Qa8 {[%clk 00:11:18]} {[%emt 00:05:39]}
Kg7 {[%clk 00:02:20]} {[%emt 00:00:24]} 39. Qd5 {[%clk 00:10:59]} {[%emt
00:00:48]} Qf6 {[%clk 00:02:16]} {[%emt 00:00:34]} 40. Kg2 {[%clk 00:11:18]}
{[%emt 00:00:11]} Be7 {[%clk 00:02:18]} {[%emt 00:00:28]} 41. Qd3 {[%clk
00:10:44]} {[%emt 00:01:03]} Bd8 {[%clk 00:01:20]} {[%emt 00:01:28]} 42. Qf3
{[%clk 00:11:07]} {[%emt 00:00:07]} Qe7 {[%clk 00:01:39]} {[%emt 00:00:11]} 43.
Bd5 {[%clk 00:11:12]} {[%emt 00:00:25]} Ba5 {[%clk 00:02:00]} {[%emt 00:00:09]}
44. Bc4 {[%clk 00:11:35]} {[%emt 00:00:08]} Bd2 {[%clk 00:02:18]} {[%emt
00:00:11]} 45. Qd3 {[%clk 00:11:46]} {[%emt 00:00:19]} Bc1 {[%clk 00:02:38]}
{[%emt 00:00:11]} 46. Qc3 {[%clk 00:10:17]} {[%emt 00:01:59]} Ba3 {[%clk
00:02:35]} {[%emt 00:00:32]} 47. Qd2 {[%clk 00:09:35]} {[%emt 00:01:12]} Qf6
{[%clk 00:02:37]} {[%emt 00:00:28]} 48. Qc3 {[%clk 00:09:28]} {[%emt 00:00:38]}
Bb4 {[%clk 00:01:32]} {[%emt 00:01:35]} 49. Qf3 {[%clk 00:09:43]} {[%emt
00:00:14]} Qe7 {[%clk 00:01:51]} {[%emt 00:00:11]} 50. Qd3 {[%clk 00:09:51]}
{[%emt 00:00:22]} Ba3 {[%clk 00:01:45]} {[%emt 00:00:36]} 51. Qe2 {[%clk
00:07:08]} {[%emt 00:03:12]} Bb4 {[%clk 00:29:02]} {[%emt 00:03:14]} 52. Qd3
{[%clk 00:37:06]} {[%emt 00:00:32]} Qf6 {[%clk 00:29:25]} {[%emt 00:00:07]} 53.
Qf3 {[%clk 00:36:50]} {[%emt 00:00:46]} Qxf3+ {[%clk 00:29:32]} {[%emt
00:00:24]} 54. Kxf3 {[%clk 00:37:14]} {[%emt 00:00:06]} f6 {[%clk 00:29:34]}
{[%emt 00:00:28]} 55. g4 {[%clk 00:36:31]} {[%emt 00:01:14]} hxg4+ {[%clk
00:29:56]} {[%emt 00:00:08]} 56. Kxg4 {[%clk 00:36:55]} {[%emt 00:00:06]} Be1
{[%clk 00:30:18]} {[%emt 00:00:07]} 57. f3 {[%clk 00:37:17]} {[%emt 00:00:09]}
Kh6 {[%clk 00:30:41]} {[%emt 00:00:07]} 58. Be6 {[%clk 00:36:57]} {[%emt
00:00:49]} Kg7 {[%clk 00:30:59]} {[%emt 00:00:12]} 59. h5 {[%clk 00:36:54]}
{[%emt 00:00:34]} gxh5+ {[%clk 00:31:21]} {[%emt 00:00:09]} 60. Kxh5 {[%clk
00:37:14]} {[%emt 00:00:09]} Bb4 {[%clk 00:31:35]} {[%emt 00:00:15]} 1/2-1/2

[Event "Deutsche Ländermeisterschaft 2023"]
[Site "Hannover GER"]
[Date "2023.10.03"]
[Round "5"]
[White "Nied, Pascal"]
[Black "Nemitz, Alfred"]
[Result "1/2-1/2"]
[Termination "normal"]
[Board "6.2"]
[BlackTitle "FM"]
[WhiteElo "2156"]
[BlackElo "2300"]
[WhiteClock "00:03:43"]
[BlackClock "00:04:34"]
[WhiteTeam "Baden"]
[BlackTeam "Brandenburg"]
[PlyCount "140"]
[WhiteFideId "16260597"]
[BlackFideId "34601791"]
[EventCountry "GER"]
[EventRounds "7"]
[EventType "team-swiss"]
[EventDate "2023.09.30"]

1. e4 {[%clk 01:30:58]} e5 {[%clk 01:30:59]} {[%emt 00:00:02]} 2. Nf3 {[%clk
01:31:23]} {[%emt 00:00:05]} Nc6 {[%clk 01:31:27]} {[%emt 00:00:02]} 3. Bb5
{[%clk 01:31:48]} {[%emt 00:00:05]} a6 {[%clk 01:31:54]} {[%emt 00:00:04]} 4.
Ba4 {[%clk 01:32:14]} {[%emt 00:00:03]} Nf6 {[%clk 01:32:03]} {[%emt 00:00:21]}
5. O-O {[%clk 01:32:37]} {[%emt 00:00:07]} Be7 {[%clk 01:32:24]} {[%emt
00:00:08]} 6. Re1 {[%clk 01:33:02]} {[%emt 00:00:05]} b5 {[%clk 01:32:50]}
{[%emt 00:00:05]} 7. Bb3 {[%clk 01:33:28]} {[%emt 00:00:04]} d6 {[%clk
01:33:18]} {[%emt 00:00:02]} 8. a4 {[%clk 01:33:25]} {[%emt 00:00:33]} b4
{[%clk 01:30:01]} {[%emt 00:03:47]} 9. d4 {[%clk 01:33:38]} {[%emt 00:00:18]}
Bg4 {[%clk 01:25:41]} {[%emt 00:04:49]} 10. dxe5 {[%clk 01:34:00]} {[%emt
00:00:09]} Nxe5 {[%clk 01:19:33]} {[%emt 00:06:38]} 11. Nbd2 {[%clk 01:33:40]}
{[%emt 00:00:51]} O-O {[%clk 01:19:16]} {[%emt 00:00:47]} 12. h3 {[%clk
01:33:39]} {[%emt 00:00:30]} Bh5 {[%clk 01:18:22]} {[%emt 00:01:23]} 13. g4
{[%clk 01:33:03]} {[%emt 00:01:07]} Bg6 {[%clk 01:15:52]} {[%emt 00:03:01]} 14.
Nxe5 {[%clk 01:32:40]} {[%emt 00:00:53]} dxe5 {[%clk 01:16:09]} {[%emt
00:00:13]} 15. Qf3 {[%clk 01:33:00]} {[%emt 00:00:10]} Nd7 {[%clk 01:08:29]}
{[%emt 00:08:07]} 16. Nf1 {[%clk 01:29:06]} {[%emt 00:04:26]} Bg5 {[%clk
01:08:04]} {[%emt 00:00:55]} 17. Be3 {[%clk 01:17:55]} {[%emt 00:11:41]} Qe7
{[%clk 01:03:52]} {[%emt 00:04:42]} 18. Ng3 {[%clk 01:09:38]} {[%emt 00:08:47]}
Rad8 {[%clk 01:03:21]} {[%emt 00:01:01]} 19. Nf5 {[%clk 00:52:13]} {[%emt
00:17:55]} Bxf5 {[%clk 01:01:52]} {[%emt 00:01:58]} 20. exf5 {[%clk 00:52:18]}
{[%emt 00:00:25]} Bxe3 {[%clk 00:59:11]} {[%emt 00:03:10]} 21. Qxe3 {[%clk
00:48:30]} {[%emt 00:04:20]} h6 {[%clk 00:51:15]} {[%emt 00:08:26]} 22. Rad1
{[%clk 00:35:50]} {[%emt 00:13:10]} Nc5 {[%clk 00:31:35]} {[%emt 00:20:10]} 23.
f6 {[%clk 00:19:50]} {[%emt 00:16:29]} gxf6 {[%clk 00:32:00]} {[%emt 00:00:07]}
24. Qxh6 {[%clk 00:19:42]} {[%emt 00:00:37]} Nxb3 {[%clk 00:32:18]} {[%emt
00:00:12]} 25. cxb3 {[%clk 00:19:45]} {[%emt 00:00:27]} Rxd1 {[%clk 00:32:14]}
{[%emt 00:00:33]} 26. Rxd1 {[%clk 00:20:09]} {[%emt 00:00:06]} Rd8 {[%clk
00:32:21]} {[%emt 00:00:23]} 27. Qc1 {[%clk 00:10:51]} {[%emt 00:09:49]} Kg7
{[%clk 00:31:52]} {[%emt 00:00:59]} 28. Qc2 {[%emt 00:05:46]} Rxd1+ {[%clk
00:29:57]} {[%emt 00:00:26]} 29. Qxd1 {[%clk 00:08:02]} {[%emt 00:00:02]} Qd6
{[%clk 00:29:45]} {[%emt 00:00:41]} 30. Qe2 {[%clk 00:04:32]} {[%emt 00:04:01]}
Qd5 {[%clk 00:24:42]} {[%emt 00:05:34]} 31. Qc4 {[%clk 00:02:58]} {[%emt
00:02:04]} Qf3 {[%clk 00:24:58]} {[%emt 00:00:13]} 32. Qxb4 {[%clk 00:02:00]}
{[%emt 00:01:28]} Qxh3 {[%clk 00:25:08]} {[%emt 00:00:20]} 33. Qc4 {[%clk
00:01:58]} {[%emt 00:00:32]} Qf3 {[%clk 00:24:17]} {[%emt 00:01:21]} 34. a5
{[%clk 00:01:58]} {[%emt 00:00:30]} Kg6 {[%clk 00:15:15]} {[%emt 00:09:31]} 35.
b4 {[%clk 00:01:52]} {[%emt 00:00:37]} Qb7 {[%clk 00:13:40]} {[%emt 00:02:05]}
36. Kh2 {[%clk 00:01:22]} {[%emt 00:01:00]} c6 {[%clk 00:13:34]} {[%emt
00:00:36]} 37. Qe4+ {[%clk 00:01:19]} {[%emt 00:00:33]} Kg7 {[%clk 00:13:58]}
{[%emt 00:00:06]} 38. b3 {[%clk 00:00:58]} {[%emt 00:00:50]} Qb5 {[%clk
00:13:00]} {[%emt 00:01:29]} 39. Qc4 {[%clk 00:01:09]} {[%emt 00:00:19]} Kf8
{[%clk 00:12:52]} {[%emt 00:00:38]} 40. Kg3 {[%clk 00:00:54]} {[%emt 00:00:45]}
Ke7 {[%clk 00:12:57]} {[%emt 00:00:24]} 41. Kf3 {[%clk 00:28:00]} {[%emt
00:03:24]} Qb7 {[%clk 00:37:16]} {[%emt 00:06:11]} 42. Qc5+ {[%clk 00:26:30]}
{[%emt 00:02:00]} Ke6 {[%clk 00:36:25]} {[%emt 00:01:22]} 43. Qc4+ {[%clk
00:25:33]} {[%emt 00:01:27]} Ke7 {[%clk 00:36:35]} {[%emt 00:00:19]} 44. Qc5+
{[%clk 00:12:55]} {[%emt 00:13:09]} Ke6 {[%clk 00:36:44]} {[%emt 00:00:21]} 45.
Ke3 {[%clk 00:12:25]} {[%emt 00:01:00]} f5 {[%clk 00:29:23]} {[%emt 00:07:51]}
46. gxf5+ {[%clk 00:11:45]} {[%emt 00:01:10]} Kxf5 {[%clk 00:29:36]} {[%emt
00:00:17]} 47. f4 {[%clk 00:07:26]} {[%emt 00:04:48]} Qb5 {[%clk 00:29:00]}
{[%emt 00:01:06]} 48. Qc4 {[%clk 00:05:05]} {[%emt 00:02:51]} exf4+ {[%clk
00:26:33]} {[%emt 00:02:57]} 49. Qxf4+ {[%clk 00:05:25]} {[%emt 00:00:09]} Ke6
{[%clk 00:27:02]} 50. Qg4+ {[%clk 00:05:01]} {[%emt 00:00:53]} Ke7 {[%clk
00:27:05]} {[%emt 00:00:28]} 51. Qh4+ {[%clk 00:04:50]} {[%emt 00:00:42]} Ke6
{[%clk 00:26:43]} {[%emt 00:00:51]} 52. Qg4+ {[%clk 00:05:12]} {[%emt
00:00:08]} Kd6 {[%clk 00:26:41]} {[%emt 00:00:32]} 53. Qc4 {[%clk 00:02:49]}
{[%emt 00:02:53]} f6 {[%clk 00:23:53]} {[%emt 00:03:18]} 54. Qd4+ {[%clk
00:02:07]} {[%emt 00:01:12]} Ke6 {[%clk 00:24:21]} {[%emt 00:00:02]} 55. Qg4+
{[%clk 00:02:14]} {[%emt 00:00:24]} Kd6 {[%clk 00:24:13]} {[%emt 00:00:37]} 56.
Qd4+ {[%clk 00:02:35]} {[%emt 00:00:09]} Ke7 {[%clk 00:24:08]} {[%emt
00:00:35]} 57. Qc4 {[%clk 00:01:47]} {[%emt 00:01:18]} Qg5+ {[%clk 00:16:25]}
{[%emt 00:08:13]} 58. Kf3 {[%clk 00:01:43]} {[%emt 00:00:34]} Qf5+ {[%clk
00:16:31]} {[%emt 00:00:25]} 59. Kg3 {[%clk 00:01:45]} {[%emt 00:00:27]} Qb5
{[%clk 00:16:44]} {[%emt 00:00:18]} 60. Kf3 {[%clk 00:01:46]} {[%emt 00:00:29]}
Kd6 {[%clk 00:16:43]} {[%emt 00:00:31]} 61. Ke3 {[%clk 00:01:33]} {[%emt
00:00:42]} Qe5+ {[%clk 00:14:49]} {[%emt 00:02:24]} 62. Kf3 {[%clk 00:01:53]}
{[%emt 00:00:11]} Qb5 {[%clk 00:13:43]} {[%emt 00:01:35]} 63. Ke3 {[%clk
00:02:16]} {[%emt 00:00:08]} f5 {[%clk 00:13:26]} {[%emt 00:00:47]} 64. Kf4
{[%clk 00:01:26]} {[%emt 00:01:20]} Qe5+ {[%clk 00:12:22]} {[%emt 00:01:33]}
65. Kf3 {[%clk 00:01:54]} {[%emt 00:00:02]} Qd5+ {[%clk 00:10:21]} {[%emt
00:02:31]} 66. Kf4 {[%clk 00:02:16]} {[%emt 00:00:09]} Qb5 {[%clk 00:03:25]}
{[%emt 00:07:25]} 67. Qd4+ {[%clk 00:02:40]} {[%emt 00:00:06]} Ke6 {[%clk
00:03:43]} {[%emt 00:00:12]} 68. Qc4+ {[%clk 00:02:55]} {[%emt 00:00:16]} Kd6
{[%clk 00:04:02]} {[%emt 00:00:11]} 69. Qd4+ {[%clk 00:03:20]} {[%emt
00:00:04]} Ke6 {[%clk 00:04:31]} {[%emt 00:00:02]} 70. Qc4+ {[%clk 00:03:43]}
{[%emt 00:00:07]} Kd6 {[%clk 00:04:34]} {[%emt 00:00:26]} 1/2-1/2

[Event "Deutsche Ländermeisterschaft 2023"]
[Site "Hannover GER"]
[Date "2023.10.03"]
[Round "5"]
[White "Beyer, Lorenz"]
[Black "Basovskiy, Jana"]
[Result "1-0"]
[Termination "normal"]
[Board "6.3"]
[WhiteElo "2085"]
[BlackElo "1846"]
[WhiteClock "00:36:58"]
[BlackClock "00:08:50"]
[WhiteTeam "Brandenburg"]
[BlackTeam "Baden"]
[PlyCount "127"]
[WhiteFideId "16245393"]
[BlackFideId "16208617"]
[EventCountry "GER"]
[EventRounds "7"]
[EventType "team-swiss"]
[EventDate "2023.09.30"]

1. d4 {[%clk 01:30:57]} {[%emt 00:00:02]} Nf6 {[%clk 01:30:54]} {[%emt
00:00:07]} 2. Bf4 {[%clk 01:31:24]} {[%emt 00:00:02]} d5 {[%clk 01:31:19]}
{[%emt 00:00:06]} 3. e3 {[%clk 01:31:51]} {[%emt 00:00:03]} c5 {[%clk
01:31:21]} {[%emt 00:00:28]} 4. c3 {[%clk 01:32:18]} {[%emt 00:00:03]} Nc6
{[%clk 01:31:44]} {[%emt 00:00:07]} 5. Nf3 {[%clk 01:32:44]} {[%emt 00:00:04]}
Qb6 {[%clk 01:31:39]} {[%emt 00:00:34]} 6. Qc2 {[%clk 01:33:08]} {[%emt
00:00:07]} g6 {[%clk 01:30:06]} {[%emt 00:02:03]} 7. Nbd2 {[%clk 01:33:27]}
{[%emt 00:00:11]} Bg7 {[%clk 01:29:40]} {[%emt 00:00:56]} 8. h3 {[%clk
01:32:36]} {[%emt 00:01:21]} O-O {[%clk 01:29:48]} {[%emt 00:00:21]} 9. Be2
{[%clk 01:33:05]} {[%emt 00:00:02]} Bf5 {[%clk 01:25:58]} {[%emt 00:04:19]} 10.
dxc5 {[%clk 01:33:15]} {[%emt 00:00:20]} Qxc5 {[%clk 01:26:24]} {[%emt
00:00:04]} 11. Qb3 {[%clk 01:33:40]} {[%emt 00:00:05]} Rae8 {[%clk 01:15:11]}
{[%emt 00:11:44]} 12. Ne5 {[%clk 01:16:33]} {[%emt 00:17:37]} Nxe5 {[%clk
00:44:38]} {[%emt 00:31:03]} 13. Bxe5 {[%clk 01:15:41]} {[%emt 00:01:22]} Ne4
{[%clk 00:44:37]} {[%emt 00:00:31]} 14. Nxe4 {[%clk 01:12:29]} {[%emt
00:03:41]} Bxe4 {[%clk 00:44:59]} {[%emt 00:00:10]} 15. Bd4 {[%clk 01:03:31]}
{[%emt 00:09:27]} Bxd4 {[%clk 00:43:51]} {[%emt 00:01:38]} 16. exd4 {[%clk
01:03:48]} {[%emt 00:00:14]} Qd6 {[%clk 00:39:14]} {[%emt 00:04:58]} 17. O-O
{[%clk 01:03:49]} {[%emt 00:00:36]} Rb8 {[%clk 00:38:25]} {[%emt 00:01:19]} 18.
Rfe1 {[%clk 00:59:53]} {[%emt 00:04:27]} b5 {[%clk 00:32:50]} {[%emt 00:06:05]}
19. a3 {[%clk 00:58:23]} {[%emt 00:02:00]} Rb7 {[%clk 00:25:46]} {[%emt
00:07:32]} 20. Qb4 {[%clk 00:53:54]} {[%emt 00:05:00]} Qc7 {[%clk 00:19:32]}
{[%emt 00:06:45]} 21. Qb3 {[%clk 00:52:55]} {[%emt 00:01:29]} Qd6 {[%clk
00:19:39]} {[%emt 00:00:23]} 22. Bf1 {[%clk 00:52:36]} {[%emt 00:00:49]} Rfb8
{[%clk 00:19:06]} {[%emt 00:01:02]} 23. Qb4 {[%clk 00:41:10]} {[%emt 00:11:56]}
Qd8 {[%clk 00:18:04]} {[%emt 00:01:30]} 24. f3 {[%clk 00:40:50]} {[%emt
00:00:53]} Bc2 {[%clk 00:16:38]} {[%emt 00:01:55]} 25. Re5 {[%clk 00:31:45]}
{[%emt 00:09:35]} a5 {[%clk 00:14:38]} {[%emt 00:02:31]} 26. Qc5 {[%clk
00:32:13]} {[%emt 00:00:02]} e6 {[%clk 00:14:33]} {[%emt 00:00:35]} 27. a4
{[%clk 00:31:12]} {[%emt 00:01:30]} bxa4 {[%clk 00:12:10]} {[%emt 00:02:54]}
28. c4 {[%clk 00:30:49]} {[%emt 00:00:53]} dxc4 {[%clk 00:11:12]} {[%emt
00:01:29]} 29. d5 {[%clk 00:26:33]} {[%emt 00:04:44]} Qb6 {[%clk 00:05:46]}
{[%emt 00:05:57]} 30. dxe6 {[%clk 00:26:52]} {[%emt 00:00:12]} fxe6 {[%clk
00:05:47]} {[%emt 00:00:28]} 31. Bxc4 {[%clk 00:27:13]} {[%emt 00:00:09]} Bb3
{[%clk 00:01:28]} {[%emt 00:04:49]} 32. Bxb3 {[%emt 00:01:56]} Qxc5+ {[%clk
00:01:14]} {[%emt 00:00:43]} 33. Rxc5 {[%clk 00:26:13]} {[%emt 00:00:06]} Rxb3
{[%clk 00:01:41]} {[%emt 00:00:02]} 34. Rxa4 {[%clk 00:26:34]} {[%emt
00:00:08]} Rxb2 {[%clk 00:02:01]} {[%emt 00:00:10]} 35. Raxa5 {[%clk 00:27:00]}
{[%emt 00:00:05]} Re2 {[%clk 00:01:50]} {[%emt 00:00:41]} 36. Rc7 {[%clk
00:26:35]} {[%emt 00:00:55]} Rb1+ {[%clk 00:01:37]} {[%emt 00:00:42]} 37. Kh2
{[%clk 00:26:56]} {[%emt 00:00:09]} Rb8 {[%clk 00:02:04]} {[%emt 00:00:02]} 38.
Raa7 {[%clk 00:27:15]} {[%emt 00:00:11]} h5 {[%clk 00:01:46]} {[%emt 00:00:48]}
39. h4 {[%clk 00:25:15]} {[%emt 00:02:31]} e5 {[%clk 00:01:10]} {[%emt
00:01:06]} 40. Rg7+ {[%clk 00:25:30]} {[%emt 00:00:15]} Kf8 {[%clk 00:01:05]}
{[%emt 00:00:34]} 41. Rxg6 {[%clk 00:23:56]} {[%emt 00:02:05]} e4 {[%clk
00:27:24]} {[%emt 00:04:11]} 42. Rh6 {[%clk 00:51:22]} {[%emt 00:03:04]} Kg8
{[%clk 00:27:40]} {[%emt 00:00:14]} 43. fxe4 {[%clk 00:51:19]} {[%emt
00:00:33]} Rbb2 {[%clk 00:25:32]} {[%emt 00:02:37]} 44. Rg6+ {[%clk 00:51:32]}
{[%emt 00:00:18]} Kf8 {[%clk 00:25:34]} {[%emt 00:00:27]} 45. Rg5 {[%clk
00:49:34]} {[%emt 00:02:29]} Rxe4 {[%clk 00:24:09]} {[%emt 00:01:55]} 46. Rxh5
{[%clk 00:49:29]} {[%emt 00:00:35]} Kg8 {[%clk 00:24:30]} {[%emt 00:00:07]} 47.
Ra3 {[%clk 00:48:45]} {[%emt 00:01:15]} Rbb4 {[%clk 00:23:36]} {[%emt
00:01:23]} 48. Kh3 {[%clk 00:48:31]} {[%emt 00:00:46]} Rb1 {[%clk 00:23:52]}
{[%emt 00:00:14]} 49. Rf3 {[%clk 00:43:10]} {[%emt 00:05:50]} Rb2 {[%clk
00:15:46]} {[%emt 00:08:34]} 50. Rhf5 {[%clk 00:41:55]} {[%emt 00:01:47]} Kh7
{[%clk 00:14:10]} {[%emt 00:02:05]} 51. g3 {[%clk 00:39:58]} {[%emt 00:02:28]}
Ra4 {[%clk 00:12:51]} {[%emt 00:01:48]} 52. R3f4 {[%clk 00:39:05]} {[%emt
00:01:25]} Ra3 {[%clk 00:09:36]} {[%emt 00:03:43]} 53. Kg4 {[%clk 00:39:00]}
{[%emt 00:00:36]} Rg2 {[%clk 00:09:41]} {[%emt 00:00:25]} 54. Rf3 {[%clk
00:38:49]} {[%emt 00:00:42]} Ra4+ {[%clk 00:09:52]} {[%emt 00:00:17]} 55. Kh5
{[%clk 00:38:55]} {[%emt 00:00:26]} Ra8 {[%clk 00:08:59]} {[%emt 00:01:21]} 56.
Rf7+ {[%clk 00:37:49]} {[%emt 00:01:38]} Kg8 {[%clk 00:09:23]} {[%emt
00:00:05]} 57. g4 {[%clk 00:37:46]} {[%emt 00:00:34]} Rb2 {[%clk 00:07:29]}
{[%emt 00:02:24]} 58. g5 {[%clk 00:38:00]} {[%emt 00:00:16]} Rb5 {[%clk
00:07:47]} {[%emt 00:00:10]} 59. Kh6 {[%clk 00:37:58]} {[%emt 00:00:34]} Rb6+
{[%clk 00:07:49]} {[%emt 00:00:28]} 60. g6 {[%clk 00:37:45]} {[%emt 00:00:43]}
Rc6 {[%clk 00:08:01]} {[%emt 00:00:17]} 61. h5 {[%clk 00:37:48]} {[%emt
00:00:27]} Rb6 {[%clk 00:08:04]} {[%emt 00:00:27]} 62. Rg7+ {[%clk 00:36:12]}
{[%emt 00:02:07]} Kh8 {[%clk 00:08:27]} {[%emt 00:00:07]} 63. Rh7+ {[%clk
00:36:38]} {[%emt 00:00:04]} Kg8 {[%clk 00:08:50]} {[%emt 00:00:07]} 64. Rff7
{[%clk 00:36:58]} {[%emt 00:00:10]} 1-0